| 000 | 00405nam a2200169Ia 4500 | ||
|---|---|---|---|
| 008 | 210210b1960 xxu||||| |||| 00| 0 eng d | ||
| 041 | _aeng | ||
| 082 | _a336/11 | ||
| 100 | _aALLEN (G C) | ||
| 245 | _aJapans economic recovery | ||
| 260 |
_aLondon _bOxford University Press _c1960 |
||
| 650 | _arecovery | ||
| 650 | _aJapans | ||
| 650 | _aeconomic | ||
| 690 | _aEconomic History | ||
| 906 | _a004748 | ||
| 999 |
_c128032 _d128032 |
||